The works of Thomas Moore (Record no. 160113)

MARC details
000 -LEADER
campo de control de longitud fija 00700nam a22001815i 4500
001 - NÚMERO DE CONTROL
campo de control 160113
003 - IDENTIFICADOR DE NÚMERO DE CONTROL
campo de control ES-MaACL
005 - FECHA Y HORA DE LA ÚLTIMA TRANSACCIÓN
campo de control 20230906211934.0
008 - DATOS DE LONGITUD FIJA--INFORMACIÓN GENERAL
campo de control de longitud fija 050915s1826 gw | |||||||| ||eng d
040 ## - FUENTE DE CATALOGACIÓN
Centro catalogador/agencia de origen CAM
Lengua de catalogación spa
Centro/agencia transcriptor CAM
100 1# - ENTRADA PRINCIPAL--NOMBRE DE PERSONA
Nombre de persona Moore, Thomas.
9 (RLIN) 130126
245 14 - MENCIÓN DEL TÍTULO
Título The works of Thomas Moore
Resto del título : accurately printed from the last original editions, with additional notes.
260 ## - PUBLICACIÓN, DISTRIBUCIÓN, ETC.
Lugar de publicación, distribución, etc. Leipsic :
Nombre del editor, distribuidor, etc. printed for Ernst Fleischer,
Fecha de publicación, distribución, etc. 1826.
300 ## - DESCRIPCIÓN FÍSICA
Extensión XIII, 619, [1] p., [4] h. pleg. ;
Dimensiones 23 cm.
700 1# - ENTRADA AGREGADA--NOMBRE PERSONAL
Nombre de persona Fleischer, Ernst,
Término indicativo de función/relación
9 (RLIN) 127097
752 ## - ENTRADA AGREGADA--NOMBRE JERÁRQUICO DEL LUGAR
País o entidad superior Alemania -
Ciudad Leipzig
852 ## - LOCALIZACIÓN
Ubicación ES-MaACL
Número de control de estantería C-1755
Nota libre -- Enc. hol.
-- -- Legado M. de la Fuente
-- -- Enc. con 16 p. del catálogo editorial
Holdings
Estatus retirado Estado de pérdida Estado de daño No para préstamo Colección Biblioteca de origen Biblioteca actual Ubicación en estantería Fecha de adquisición Fuente de adquisición Total de préstamos Signatura topográfica completa Código de barras Visto por última vez Precio de reemplazo Tipo de ítem Koha
        Libros del s. XIX Biblioteca del Ateneo de Madrid Biblioteca del Ateneo de Madrid Mesetón 17/01/2008     C-1755 1167628 23/02/2023 23/02/2023 Libro impreso antiguo